=LDR 00000nam 2200000 4500 =001 INLIS000000000003563 =990 ##$$a 20606567 =005 20130612091850 =990 ##$$a 20606568 =008 ***********************************Ind** =990 ##$$a 20606569 =035 ##$$a0010-061300000003563 =990 ##$$a 20606570 =041 ##$$a Ind =990 ##$$a 0001/BPAP-NTB/20142014 =082 ##$$a 610.736 1 =090 ##$$a 610.736 1, Man p =100 ##$$a Mancini, Mary E =245 ##$$a Prosedur keperawatan darurat, Mary E. Mancini; alih bahasa, Ni Luh Gede Yasmin Asih =260 ##$$a 1995 $b Jakarta =300 ##$$a xvi, 289 hlm., ilus., 21 cm =650 ##$$a Perawat dan perawatan =700 ##$$a Asih, Ni Luh Gede Yasmin =850 ##$$a NBPNMAT =990 ##$$a 0001/BPAP-NTB/20142014